小花公鸡 (Record no. 20040)

000 -LEADER
fixed length control field 00434nam a22001817a 4500
003 - CONTROL NUMBER IDENTIFIER
control field MPLRDC
005 - DATE AND TIME OF LATEST TRANSACTION
control field 20220104124526.0
008 - FIXED-LENGTH DATA ELEMENTS--GENERAL INFORMATION
fixed length control field 210129b ||||| |||| 00| 0 eng d
020 ## - INTERNATIONAL STANDARD BOOK NUMBER
International Standard Book Number 7-5397-0199-4
082 ## - DEWEY DECIMAL CLASSIFICATION NUMBER
Classification number 859.6 YWJ
100 ## - MAIN ENTRY--PERSONAL NAME
Personal name 严文井著
245 ## - TITLE STATEMENT
Title 小花公鸡
Statement of responsibility, etc.
250 ## - EDITION STATEMENT
Edition statement 一版四刷
260 ## - PUBLICATION, DISTRIBUTION, ETC.
Place of publication, distribution, etc.
Name of publisher, distributor, etc. 安徽少年儿童出版社
Date of publication, distribution, etc. 1991
300 ## - PHYSICAL DESCRIPTION
Other physical details
650 ## - SUBJECT ADDED ENTRY--TOPICAL TERM
Topical term or geographic name entry element 动物故事
942 ## - ADDED ENTRY ELEMENTS (KOHA)
Koha item type Book
-- 859.6 YWJ
Holdings
Withdrawn status Lost status Source of classification or shelving scheme Damaged status Not for loan Collection code Home library Current library Shelving location Date acquired Cost, normal purchase price Total Checkouts Total Renewals Full call number Barcode Date last seen Date last checked out Price effective from Koha item type Public note
            Malaysian Public Library, Research and Development Centre Malaysian Public Library, Research and Development Centre   10/12/2007 3.75   1 859.6 YWJ 00020109 17/03/2021 07/01/2014 17/03/2021 Book mplrdc

© 2022. Malaysian Public Library, Research and Development Centre. All Right ReservedE-mailmplrdc@help.edu.my 

Powered by Koha